Normal view
MARC view
- SISTEMAS DE INFORMACION ADMINISTRATIVA
Entry Término temático
001 - NÚMERO DE CONTROL
- campo de control: 12011
003 - IDENTIFICADOR DEL NÚMERO DE CONTROL
- campo de control: AR-SiUPM
005 - FECHA Y HORA DE LA ÚLTIMA TRANSACCIÓN
- campo de control: 20230918105101.0
008 - DATOS DE LONGITUD FIJA
- campo de control de longitud fija: 230918|| aca||aabn | a|a d
040 ## - FUENTE DE LA CATALOGACIÓN
- Centro catalogador/agencia de origen: AR-SiUPM
- Centro/agencia transcriptor: AR-SiUPM
150 ## - ENCABEZAMIENTO--TÉRMINO DE MATERIA
- Término de materia o nombre geográfico como elemento de entrada: SISTEMAS DE INFORMACION ADMINISTRATIVA
670 ## - FUENTE DE DATOS ENCONTRADOS
- Cita de la fuente: Work cat.: (AR-SiUPM)4067: Lardent, Alberto R. 3117, Metodología del análisis y diseño de sistemas administrativos :, 1976